Drzewo Genealogiczne Pierwszych Piastów - Statystyki

Ogólne statystyki
  • Ten quiz został rozwiązany 244 razy
  • Średni wynik to 8 z 17
Odpowiedzi na mapie
Odpowiedzi zakodowano w zielono-czerwonej skali na mapie do tego quizu, zgodnie z poniższymi procentami.
 
Statystyki odpowiedzi
Liczba Odpowiedź % Poprawnych
1 Siemowit
87%
4 Mieszko I
78%
2 Lestek
69%
6 Bolesław Chrobry
61%
3 Siemomysł
61%
10 Mieszko II
48%
17 Bolesław III Krzywousty
40%
5 Czcibor
38%
12 Kazimierz I Odnowiciel
37%
13 Bolesław II Śmiały
36%
14 Władysław I Herman
36%
9 Bezprym
35%
7 Mieszko
33%
16 Zbigniew
32%
15 Mieszko
25%
11 Otto
24%
8 Lambert
23%
Nie znaleziono quizów pasujących do podanych kryteriów
Rozkład punktacji
Procent ludzi z każdym wynikiem
Percentyl według liczby udzielonych odpowiedzi
Twoja historia wyników
Nie rozwiązałeś tego quizu